|
|
|
|
| LEADER |
00993nam a22002057a 4500 |
| 020 |
|
|
|a 81-240-0039-5
|
| 082 |
|
|
|a 894.M301
|b RAM9/D N2
|
| 100 |
|
|
|a കെ കെ രമേഷ്;
|9 53151
|
| 100 |
|
|
|a K K Ramesh
|9 51178
|
| 240 |
|
|
|a Deivathinte thoolika
|
| 245 |
|
|
|a ദൈവത്തിന്റെ തൂലിക
|
| 250 |
|
|
|a 1st
|
| 260 |
|
|
|a Kottayam;
|b Current Books;
|c 1992
|
| 300 |
|
|
|a 96p.
|
| 650 |
|
|
|a മലയാളം; മലയാളം സാഹിത്യം; മലയാളം ചെറുകഥകള്
|9 53161
|
| 650 |
|
|
|a Malayalam; Malayalam Literature; Malayalam Short Stories
|9 53162
|
| 942 |
|
|
|c BK
|
| 999 |
|
|
|c 41898
|d 41898
|
| 952 |
|
|
|0 0
|1 0
|4 0
|6 894_000000000000000_M301_RAM9_D_N2
|7 0
|8 STO
|9 48082
|a MAL
|b MAL
|d 2015-08-06
|e 39431
|g 14.00
|l 0
|o 894.M301 RAM9/D N2
|p MAL039431
|r 2015-08-06
|t 1
|w 2015-08-06
|y BK
|
| 952 |
|
|
|0 0
|1 0
|4 0
|6 894_000000000000000_M301_RAM9_D_N21
|7 0
|8 STO
|9 48083
|a MAL
|b MAL
|d 2015-08-06
|e 39430
|g 14.00
|l 0
|o 894.M301 RAM9/D N2;1
|p MAL039430
|r 2015-08-06
|t 2
|w 2015-08-06
|y BK
|